| 000 | 01043cam a22002775a 4500 | ||
|---|---|---|---|
| 001 | 11843691 | ||
| 005 | 20151116104655.0 | ||
| 006 | a||||fq||z f00| 0 | ||
| 008 | 991116s2010 nyua frb f001 0 eng d | ||
| 020 | _a9780521781183 | ||
| 040 |
_aDLC _beng _cDLC _dEG-ScBUE _dEG-ScBUE |
||
| 082 | 0 | 4 |
_a658.4032 _bMON _222 |
| 100 | 1 |
_aMonahan, George E. _q(George Edward), _d1945- _938746 |
|
| 245 | 1 | 0 |
_aManagement decision making : _bspreadsheet modeling, analysis, and applications / _cGeorge E. Monahan. |
| 250 | _a4th printing ed. | ||
| 260 |
_aCambridge : _bCambridge University Press , _c2010. |
||
| 300 |
_axxxviii, 714 p. : _bill. ; _c26 cm. + _e1 CD-ROM (4 3/4 in.) |
||
| 500 | _aIndex : p. 703-712. | ||
| 504 | _aIncludes bibliographical references. | ||
| 650 | 0 |
_aIndustrial management _xDecision making. _2BUEsh |
|
| 650 | 7 |
_aIndustrial management _xData processing. _2BUEsh _936485 |
|
| 650 | 7 |
_aElectronic spreadsheets. _2BUEsh _914106 |
|
| 651 | _2BUEsh | ||
| 653 |
_bBUSADM _cAugust2015 _cNovember2015 |
||
| 942 |
_2ddc _k658.4032 MON |
||
| 999 |
_c20608 _d20580 |
||